000 00552nam a2200205 i 4500
001 C2-0168080
003 PPAK
005 20180727133905.0
008 980712s1975 my |||| ||||| | may d
040 _aPPAK
_beng
_cPPAK
_erda
082 0 4 _a350
_223
090 0 0 _a350
_bBUK
_dKAH
245 0 0 _aBuku rasmi organisasi kerajaan Malaysia
_bPanduan pegawai 1975
264 1 _aKuala Lumpur :
_c1975
300 _axv, 491 pages ;
_c25 cm
336 _2rdacontent
_atext
337 _2rdamedia
_aunmediated
338 _2rdacarrier
_avolume
942 _ddc
_cB
999 _c49823
_d49823